000 00437nam a2200169Ia 4500
003 GCL
008 140319s9999 xx 000 0 eng d
040 _aGCL /
_cGCL
082 0 4 _aREF
_b030
_bN E
100 1 _aNIL & MACKENZIE
245 1 0 _aENCYCLOPEDIA APPOLLO /
_cNIL & MACKENZIE
260 _a[S.N] :
_bNIL & MACKENZIE ،
_c1975
300 _a2204 P
650 0 4 _aENCYCLOPEDIA
650 0 4 _aGENERAL ENCYCLOPEDIA
942 _2ddc
_cBK
999 _c10748
_d10748